| 000 | 00688nam a2200181Ki 4500 | ||
|---|---|---|---|
| 082 | 0 | 4 |
_a355.422 _bHEN |
| 100 | 1 |
_aHeneker, W. C. G. _950015 |
|
| 245 | 1 | 0 |
_aBush warfare _cby Lt. Col. W.C.G. Heneker, D.S.O. (Connaught rangers). |
| 260 |
_aLondon : _bHugh Rees, _c1907. |
||
| 300 |
_a[6], 196, viii p. : _bmaps, plans (some folded) ; _c22 cm. |
||
| 490 | 1 | _aThe Pall Mall military series | |
| 500 | _a"The bush warfare referred to here is principally West African."--Pref. | ||
| 500 | _aIncludes index. | ||
| 526 |
_a0 _b0 _c0 _d355_422000000000000_HEN |
||
| 650 | 0 |
_aGuerrilla warfare. _918957 |
|
| 856 | 4 | 0 | _uhttp://catalog.hathitrust.org/api/volumes/oclc/10729932.html |
| 942 |
_2ddc _cBK |
||
| 999 |
_c552748 _d552748 |
||